000 00620nam a22001937a 4500
003 OSt
005 20250904153617.0
008 250904b |||||||| |||| 00| 0 sp d
040 _acunsuroc
_besp
_canacap
082 _21ed
_aD340 C669E
100 _aCódigo de ética profesional.
_915421
245 _aCódigo de ética profesional.
_cCongreso de la República de Guatemala
250 _a1ed
260 _aGuatemala:
_bAyala y Jiménez Sucesores,
_c1994
300 _a18p.
_c; 21cm.
365 _b1
_d6.00
_jgt
650 _2Código de Ética rofesional
942 _2ddc
_cBK
_e1ed
_hD340 C669E
_n0
999 _c6697
_d6697